[Event "Innsbruck op 3rd"]
[Site "Innsbruck"]
[Date "2019.08.25"]
[Round "1"]
[White "Titz, Johannes"]
[Black "Wohlfahrt, Herbert J"]
[Result "0-1"]
[WhiteElo "2026"]
[BlackElo "2273"]
[PlyCount "54"]
[EventDate "2019.08.25"]
[EventType "swiss"]
[EventRounds "9"]
[EventCountry "AUT"]
[SourceTitle "EXT 2020"]
[Source "ChessBase"]
[SourceDate "2019.10.17"]
[SourceVersion "1"]
[SourceVersionDate "2019.10.17"]
[SourceQuality "1"]

1. c4 Nf6 2. Nc3 c5 3. Nf3 e6 4. g3 b6 5. Bg2 Bb7 6. 0-0 Be7 7. d4 cxd4 8. Qxd4 0-0 9. b3 a6 10. Bb2 d6 11. Rad1 Qc7 12. Ng5 Bxg2 13. Kxg2 Nc6 14. Qd2 Ne5 15. f4 Qc6+ 16. Nf3 Ng6 17. Qd3 b5 18. cxb5 axb5 19. a3 Rab8 20. Rc1 Qb7 21. b4 Rfd8 22. h3 e5 23. f5 Nf8 24. e4 d5 25. Nxe5 dxe4 26. Qe2 Rd2 27. Rf2 e3+ 0-1

[Event "Pardubice op-B2"]
[Site "Pardubice"]
[Date "2006.07.24"]
[Round "4"]
[White "Titz, Johannes"]
[Black "Sindler, Michal"]
[Result "1-0"]
[WhiteElo "1956"]
[BlackElo "2131"]
[PlyCount "92"]
[EventDate "2006.07.21"]
[EventType "swiss"]
[EventRounds "9"]
[EventCountry "CZE"]
[SourceTitle "CBM 113 Extra"]
[Source "ChessBase"]
[SourceDate "2006.09.14"]
[SourceVersion "1"]
[SourceVersionDate "2006.09.14"]
[SourceQuality "1"]

1. f4 Nf6 2. Nf3 g6 3. d3 d6 4. e4 Bg7 5. Be2 c5 6. 0-0 Nc6 7. c3 0-0 8. Nh4 e6 9. Qe1 c4 10. Nd2 cxd3 11. Bxd3 b5 12. Ndf3 Rb8 13. f5 e5 14. Bg5 d5 15. fxg6 hxg6 16. Kh1 Be6 17. Rd1 Qc7 18. Nd2 Nh7 19. Be3 d4 20. cxd4 Nxd4 21. Qg3 Qd7 22. Ndf3 Nxf3 23. Nxf3 Bxa2 24. Bc4 Qxd1 25. Bxf7+ Bxf7 26. Rxd1 Rfe8 27. Bxa7 Ra8 28. Bc5 Nf6 29. Ng5 Bc4 30. Re1 Rad8 31. Nf3 Nd7 32. Bd6 Re6 33. Bb4 Bh6 34. Ng5 Rd6 35. b3 Bf7 36. Rf1 Bxg5 37. Qxg5 Nb8 38. h4 Nc6 39. Bc5 Re6 40. h5 Rd7 41. Kh2 Kh7 42. Rf6 Rxf6 43. Qxf6 Nd4 44. Bf8 Bxb3 45. Qxg6+ Kh8 46. Bd6 Nc6 1-0